[Event "DEM U10w 2021"]
[Site "Willingen GER"]
[Date "2021.08.28"]
[Round "10"]
[White "Borck, Elena"]
[Black "Marrufo, Leandra"]
[Result "1-0"]
[Termination "normal"]
[Board "19"]
[WhiteElo "775"]
[BlackElo "755"]
[WhiteClock "00:53:37"]
[BlackClock "00:01:52"]
[PlyCount "85"]
[WhiteFideId "16275446"]
[BlackFideId "34630260"]
[EventCountry "GER"]
[EventRounds "11"]
[EventType "swiss"]
[EventDate "2021.08.22"]

1. c4 {[%clk 01:15:58]} {[%emt 00:00:02]} e5 {[%clk 01:15:51]} {[%emt
00:00:09]} 2. Nc3 {[%clk 01:16:24]} {[%emt 00:00:05]} Nc6 {[%clk 01:16:04]}
{[%emt 00:00:18]} 3. g3 {[%clk 01:16:46]} {[%emt 00:00:07]} Bc5 {[%clk
01:16:24]} {[%emt 00:00:11]} 4. Bg2 {[%clk 01:17:09]} {[%emt 00:00:07]} d6
{[%clk 01:16:31]} {[%emt 00:00:23]} 5. e3 {[%clk 01:17:31]} {[%emt 00:00:07]}
a6 {[%clk 01:16:54]} {[%emt 00:00:09]} 6. Nge2 {[%clk 01:17:50]} {[%emt
00:00:09]} Ba7 {[%clk 01:17:16]} {[%emt 00:00:08]} 7. b3 {[%clk 01:18:01]}
{[%emt 00:00:19]} h5 {[%clk 01:17:00]} {[%emt 00:00:47]} 8. O-O {[%clk
01:18:20]} {[%emt 00:00:11]} h4 {[%clk 01:16:48]} {[%emt 00:00:42]} 9. gxh4
{[%clk 01:17:14]} {[%emt 00:01:36]} Qxh4 {[%clk 01:17:03]} {[%emt 00:00:14]}
10. h3 {[%clk 01:16:05]} {[%emt 00:01:40]} Bxh3 {[%clk 01:17:19]} {[%emt
00:00:15]} 11. f3 {[%clk 01:15:30]} {[%emt 00:01:06]} Bxg2 {[%clk 01:17:31]}
{[%emt 00:00:15]} 12. Kxg2 {[%clk 01:15:49]} {[%emt 00:00:12]} O-O-O {[%clk
01:16:28]} {[%emt 00:01:32]} 13. Rh1 {[%clk 01:16:02]} {[%emt 00:00:18]} Qg5+
{[%clk 01:16:05]} {[%emt 00:00:52]} 14. Ng3 {[%clk 01:16:08]} {[%emt 00:00:25]}
Nf6 {[%clk 01:15:59]} {[%emt 00:00:36]} 15. f4 {[%clk 01:15:36]} {[%emt
00:01:02]} exf4 {[%clk 01:15:36]} {[%emt 00:00:53]} 16. exf4 {[%clk 01:15:31]}
{[%emt 00:00:36]} Qxf4 {[%clk 01:15:16]} {[%emt 00:00:50]} 17. Qe1 {[%clk
01:15:38]} {[%emt 00:00:22]} Rde8 {[%clk 01:13:31]} {[%emt 00:02:15]} 18. Qf1
{[%clk 01:14:30]} {[%emt 00:01:38]} Rhf8 {[%clk 01:12:57]} {[%emt 00:01:04]}
19. Qxf4 {[%clk 01:14:33]} {[%emt 00:00:27]} b5 {[%clk 01:09:57]} {[%emt
00:03:30]} 20. cxb5 {[%clk 01:14:44]} {[%emt 00:00:19]} axb5 {[%clk 01:09:28]}
{[%emt 00:00:58]} 21. Nxb5 {[%clk 01:14:57]} {[%emt 00:00:19]} Bd4 {[%clk
01:08:42]} {[%emt 00:01:17]} 22. Na7+ {[%clk 01:11:37]} {[%emt 00:03:49]} Kb7
{[%clk 01:07:53]} {[%emt 00:01:19]} 23. Nb5 {[%clk 01:11:25]} {[%emt 00:00:42]}
Bxa1 {[%clk 01:07:53]} {[%emt 00:00:29]} 24. Qf3 {[%clk 01:11:26]} {[%emt
00:00:30]} Re7 {[%clk 01:03:59]} {[%emt 00:06:26]} 25. d4 {[%clk 01:13:08]}
{[%emt 00:00:39]} Rfe8 {[%clk 01:03:18]} {[%emt 00:01:09]} 26. Bd2 {[%clk
01:12:26]} {[%emt 00:01:13]} Kb6 {[%clk 00:58:50]} {[%emt 00:04:44]} 27. Na3
{[%clk 01:11:10]} {[%emt 00:02:01]} d5 {[%clk 00:47:13]} {[%emt 00:12:06]} 28.
Rxa1 {[%clk 01:11:05]} {[%emt 00:00:35]} Rh8 {[%clk 00:45:14]} {[%emt
00:02:29]} 29. Nf5 {[%clk 01:10:04]} {[%emt 00:01:32]} Ree8 {[%clk 00:43:38]}
{[%emt 00:01:47]} 30. Nxg7 {[%clk 01:09:31]} {[%emt 00:01:21]} Reg8 {[%clk
00:43:28]} {[%emt 00:00:41]} 31. Qxf6 {[%clk 01:09:17]} {[%emt 00:00:44]} Rh7
{[%clk 00:42:52]} {[%emt 00:00:52]} 32. Bh6 {[%clk 01:08:46]} {[%emt 00:01:13]}
Kb7 {[%clk 00:32:35]} {[%emt 00:10:27]} 33. Qxf7 {[%clk 01:06:21]} {[%emt
00:03:14]} Rd8 {[%clk 00:26:46]} {[%emt 00:06:06]} 34. Qf6 {[%clk 01:05:16]}
{[%emt 00:01:48]} Ra8 {[%clk 00:25:38]} {[%emt 00:01:14]} 35. Nb5 {[%clk
01:04:53]} {[%emt 00:01:19]} Rhh8 {[%clk 00:15:31]} {[%emt 00:10:17]} 36. Ne6
{[%clk 01:04:27]} {[%emt 00:01:15]} Rhg8+ {[%clk 00:15:06]} {[%emt 00:00:54]}
37. Bg7 {[%clk 01:03:58]} {[%emt 00:01:00]} Nb8 {[%clk 00:08:51]} {[%emt
00:06:25]} 38. a4 {[%clk 01:02:42]} {[%emt 00:02:06]} c6 {[%clk 00:07:19]}
{[%emt 00:02:02]} 39. Nd6+ {[%clk 00:58:46]} {[%emt 00:04:26]} Kb6 {[%clk
00:03:10]} {[%emt 00:04:03]} 40. Qf7 {[%clk 00:58:08]} {[%emt 00:01:43]} Rxg7+
{[%clk 00:02:51]} {[%emt 00:00:49]} 41. Qxg7 {[%clk 00:53:39]} {[%emt
00:05:00]} c5 {[%clk 00:02:23]} {[%emt 00:00:58]} 42. dxc5+ {[%clk 00:53:53]}
{[%emt 00:00:17]} Kc6 {[%clk 00:01:52]} {[%emt 00:00:52]} 43. Qc7# {[%clk
00:53:37]} {[%emt 00:00:54]} 1-0

[Event "DEM U10w 2021"]
[Site "Willingen GER"]
[Date "2021.08.29"]
[Round "11"]
[White "Will, Elina"]
[Black "Czäczine, Paula"]
[Result "0-1"]
[Termination "normal"]
[Board "1"]
[WhiteElo "1181"]
[BlackElo "1127"]
[WhiteClock "00:16:22"]
[BlackClock "00:33:57"]
[PlyCount "146"]
[WhiteFideId "34623434"]
[BlackFideId "16249305"]
[EventCountry "GER"]
[EventRounds "11"]
[EventType "swiss"]
[EventDate "2021.08.22"]

1. e4 {[%clk 01:15:58]} {[%emt 00:00:01]} e5 {[%clk 01:15:52]} {[%emt
00:00:08]} 2. Nf3 {[%clk 01:16:21]} {[%emt 00:00:08]} Nc6 {[%clk 01:16:16]}
{[%emt 00:00:06]} 3. d4 {[%clk 01:16:44]} {[%emt 00:00:06]} exd4 {[%clk
01:16:32]} {[%emt 00:00:14]} 4. Nxd4 {[%clk 01:17:08]} {[%emt 00:00:06]} Nf6
{[%clk 01:16:49]} {[%emt 00:00:14]} 5. Nc3 {[%clk 01:17:26]} {[%emt 00:00:11]}
Bb4 {[%clk 01:17:01]} {[%emt 00:00:18]} 6. Nxc6 {[%clk 01:17:28]} {[%emt
00:00:28]} bxc6 {[%clk 01:17:20]} {[%emt 00:00:12]} 7. Bd3 {[%clk 01:17:08]}
{[%emt 00:00:50]} d5 {[%clk 01:17:32]} {[%emt 00:00:18]} 8. exd5 {[%clk
01:17:14]} {[%emt 00:00:22]} O-O {[%clk 01:17:51]} {[%emt 00:00:12]} 9. O-O
{[%clk 01:17:16]} {[%emt 00:00:29]} cxd5 {[%clk 01:18:11]} {[%emt 00:00:09]}
10. Bg5 {[%clk 01:15:52]} {[%emt 00:01:54]} c6 {[%clk 01:18:13]} {[%emt
00:00:29]} 11. Qf3 {[%clk 01:15:14]} {[%emt 00:01:07]} Bd6 {[%clk 01:18:02]}
{[%emt 00:00:41]} 12. Bxf6 {[%clk 01:14:59]} {[%emt 00:00:50]} Qxf6 {[%clk
01:18:21]} {[%emt 00:00:06]} 13. Qxf6 {[%clk 01:14:05]} {[%emt 00:01:24]} gxf6
{[%clk 01:18:42]} {[%emt 00:00:09]} 14. Rfe1 {[%emt 00:01:07]} Rb8 {[%clk
01:17:50]} {[%emt 00:01:18]} 15. Na4 {[%clk 01:11:50]} {[%emt 00:02:12]} c5
{[%clk 01:14:30]} {[%emt 00:03:50]} 16. b3 {[%clk 01:08:24]} {[%emt 00:03:56]}
Be6 {[%clk 01:12:16]} {[%emt 00:02:57]} 17. Rab1 {[%clk 01:05:03]} {[%emt
00:03:38]} Rb4 {[%clk 01:06:34]} {[%emt 00:06:12]} 18. c3 {[%clk 01:04:13]}
{[%emt 00:01:20]} Rg4 {[%clk 01:05:53]} {[%emt 00:01:10]} 19. h3 {[%clk
01:03:47]} {[%emt 00:00:51]} Rg5 {[%clk 01:05:53]} {[%emt 00:00:36]} 20. Re3
{[%clk 01:01:35]} {[%emt 00:02:42]} d4 {[%clk 01:05:03]} {[%emt 00:01:20]} 21.
cxd4 {[%clk 00:58:56]} {[%emt 00:03:09]} cxd4 {[%clk 01:05:22]} {[%emt
00:00:12]} 22. Rf3 {[%clk 00:58:28]} {[%emt 00:00:57]} Bd5 {[%clk 01:05:17]}
{[%emt 00:00:35]} 23. Rxf6 {[%clk 00:56:33]} {[%emt 00:02:25]} Rxg2+ {[%clk
01:05:33]} {[%emt 00:00:13]} 24. Kf1 {[%clk 00:56:30]} {[%emt 00:00:35]} Bh2
{[%clk 01:01:36]} {[%emt 00:04:26]} 25. f3 {[%clk 00:51:37]} {[%emt 00:05:24]}
Rxa2 {[%clk 00:57:18]} {[%emt 00:04:48]} 26. Rf5 {[%clk 00:41:24]} {[%emt
00:10:43]} Bxb3 {[%clk 00:45:12]} {[%emt 00:12:36]} 27. Rxb3 {[%clk 00:41:23]}
{[%emt 00:00:31]} Rxa4 {[%clk 00:45:32]} {[%emt 00:00:10]} 28. Rh5 {[%clk
00:40:08]} {[%emt 00:01:44]} Ra1+ {[%clk 00:44:53]} {[%emt 00:01:09]} 29. Rb1
{[%clk 00:39:55]} {[%emt 00:00:43]} Rxb1+ {[%clk 00:44:14]} {[%emt 00:01:08]}
30. Bxb1 {[%clk 00:40:20]} {[%emt 00:00:06]} Rd8 {[%clk 00:43:19]} {[%emt
00:01:25]} 31. Bxh7+ {[%clk 00:40:10]} {[%emt 00:00:40]} Kg7 {[%clk 00:43:38]}
{[%emt 00:00:11]} 32. Bd3 {[%clk 00:39:23]} {[%emt 00:01:17]} Bc7 {[%clk
00:42:09]} {[%emt 00:01:59]} 33. Rh7+ {[%clk 00:38:45]} {[%emt 00:01:08]} Kf6
{[%clk 00:42:25]} {[%emt 00:00:14]} 34. Rh6+ {[%clk 00:38:42]} {[%emt
00:00:33]} Ke7 {[%clk 00:41:05]} {[%emt 00:01:50]} 35. h4 {[%clk 00:38:17]}
{[%emt 00:00:55]} Rd6 {[%clk 00:37:11]} {[%emt 00:04:24]} 36. Rxd6 {[%clk
00:35:51]} {[%emt 00:02:56]} Bxd6 {[%clk 00:37:31]} {[%emt 00:00:09]} 37. h5
{[%clk 00:36:14]} {[%emt 00:00:08]} Bf4 {[%clk 00:37:47]} {[%emt 00:00:13]} 38.
Kf2 {[%clk 00:36:06]} {[%emt 00:00:38]} Kf6 {[%clk 00:37:36]} {[%emt 00:00:41]}
39. Kg2 {[%clk 00:33:50]} {[%emt 00:02:46]} Kg5 {[%clk 00:37:39]} {[%emt
00:00:26]} 40. Kf2 {[%clk 00:31:50]} {[%emt 00:02:30]} Kxh5 {[%clk 00:37:40]}
{[%emt 00:00:29]} 41. Ke2 {[%clk 00:32:05]} {[%emt 00:00:16]} Kg5 {[%clk
00:37:35]} {[%emt 00:00:35]} 42. Ba6 {[%clk 00:32:26]} {[%emt 00:00:09]} Be3
{[%clk 00:36:48]} {[%emt 00:01:17]} 43. Bc4 {[%clk 00:32:12]} {[%emt 00:00:42]}
f5 {[%clk 00:36:22]} {[%emt 00:00:58]} 44. Ba6 {[%clk 00:31:22]} {[%emt
00:01:19]} Kf4 {[%clk 00:35:38]} {[%emt 00:01:14]} 45. Bd3 {[%clk 00:31:08]}
{[%emt 00:00:44]} Ke5 {[%clk 00:35:13]} {[%emt 00:00:55]} 46. Bc4 {[%clk
00:31:19]} {[%emt 00:00:20]} f4 {[%clk 00:35:01]} {[%emt 00:00:42]} 47. Kd3
{[%clk 00:30:26]} {[%emt 00:01:22]} Kd6 {[%clk 00:34:38]} {[%emt 00:00:54]} 48.
Ba6 {[%clk 00:28:20]} {[%emt 00:02:37]} Kc5 {[%clk 00:34:38]} {[%emt 00:00:29]}
49. Bc4 {[%clk 00:26:33]} {[%emt 00:02:17]} a5 {[%clk 00:34:48]} {[%emt
00:00:21]} 50. Ba2 {[%clk 00:24:44]} {[%emt 00:02:18]} Kb4 {[%clk 00:34:25]}
{[%emt 00:00:54]} 51. Kc2 {[%clk 00:24:13]} {[%emt 00:00:59]} a4 {[%clk
00:33:30]} {[%emt 00:01:27]} 52. Bd5 {[%clk 00:22:01]} {[%emt 00:18:51]} Ka3
{[%clk 00:32:40]} 53. Kb1 {[%clk 00:21:43]} d3 {[%clk 00:32:55]} 54. Be4 {[%clk
00:21:59]} d2 {[%clk 00:33:15]} 55. Bc2 {[%clk 00:20:54]} Kb4 {[%clk 00:33:19]}
56. Bd1 {[%clk 00:21:14]} a3 {[%clk 00:32:37]} 57. Ka2 {[%clk 00:21:25]} Bd4
{[%clk 00:31:05]} 58. Kb1 {[%clk 00:20:47]} Kc3 {[%clk 00:30:56]} 59. Ka2
{[%clk 00:20:16]} Bc5 {[%clk 00:31:15]} 60. Kb1 {[%clk 00:20:18]} Kd3 {[%clk
00:31:09]} 61. Ka2 Ke3 {[%clk 00:30:57]} {[%emt 00:00:07]} 62. Kb1 {[%clk
00:16:23]} {[%emt 00:01:56]} Kf2 {[%clk 00:30:58]} {[%emt 00:00:29]} 63. Kc2
{[%clk 00:16:12]} {[%emt 00:00:40]} Ke1 {[%clk 00:31:18]} {[%emt 00:00:11]} 64.
Kd3 {[%clk 00:16:18]} {[%emt 00:00:24]} Kxd1 {[%clk 00:31:36]} {[%emt
00:00:11]} 65. Ke4 {[%clk 00:16:39]} {[%emt 00:00:09]} Be3 {[%clk 00:31:49]}
{[%emt 00:00:18]} 66. Kd3 {[%clk 00:15:09]} {[%emt 00:02:00]} Kc1 {[%clk
00:32:08]} {[%emt 00:00:11]} 67. Ke4 {[%clk 00:15:31]} {[%emt 00:00:09]} d1=Q
{[%clk 00:32:28]} {[%emt 00:00:10]} 68. Kf5 {[%clk 00:15:10]} {[%emt 00:00:50]}
a2 {[%clk 00:32:44]} {[%emt 00:00:15]} 69. Kg4 {[%clk 00:15:33]} {[%emt
00:00:06]} a1=Q {[%clk 00:33:05]} {[%emt 00:00:09]} 70. Kg5 {[%clk 00:15:46]}
{[%emt 00:00:17]} Qe5+ {[%clk 00:33:23]} {[%emt 00:00:12]} 71. Kg6 {[%clk
00:15:56]} {[%emt 00:00:20]} Qdd6+ {[%clk 00:33:44]} {[%emt 00:00:09]} 72. Kf7
{[%clk 00:16:03]} {[%emt 00:00:23]} Qee7+ {[%clk 00:34:05]} {[%emt 00:00:09]}
73. Kg8 {[%clk 00:16:22]} {[%emt 00:00:11]} Qdd8# {[%clk 00:33:57]} {[%emt
00:00:07]} 0-1

[Event "DEM U10w 2021"]
[Site "Willingen GER"]
[Date "2021.08.29"]
[Round "11"]
[White "Wagner, Cosima"]
[Black "Kovalskyy, Alicia"]
[Result "1/2-1/2"]
[Termination "normal"]
[Board "2"]
[WhiteElo "1110"]
[BlackElo "1078"]
[WhiteClock "00:44:46"]
[BlackClock "00:34:58"]
[PlyCount "91"]
[WhiteFideId "34603484"]
[BlackFideId "34612130"]
[EventCountry "GER"]
[EventRounds "11"]
[EventType "swiss"]
[EventDate "2021.08.22"]

1. e4 {[%clk 01:15:58]} {[%emt 00:00:03]} e5 {[%clk 01:15:56]} {[%emt
00:00:04]} 2. Nf3 {[%clk 01:16:25]} {[%emt 00:00:03]} Nc6 {[%clk 01:16:14]}
{[%emt 00:00:11]} 3. Bc4 {[%clk 01:16:51]} {[%emt 00:00:05]} Bc5 {[%clk
01:16:43]} {[%emt 00:00:01]} 4. c3 {[%clk 01:17:15]} {[%emt 00:00:06]} Nf6
{[%clk 01:17:10]} {[%emt 00:00:03]} 5. d4 {[%clk 01:17:41]} {[%emt 00:00:04]}
exd4 {[%clk 01:17:31]} {[%emt 00:00:09]} 6. e5 {[%clk 01:18:07]} {[%emt
00:00:03]} d5 {[%clk 01:17:53]} {[%emt 00:00:08]} 7. Be2 {[%clk 01:18:30]}
{[%emt 00:00:08]} Ne4 {[%clk 01:17:41]} {[%emt 00:00:42]} 8. cxd4 {[%clk
01:18:52]} {[%emt 00:00:07]} Bb4+ {[%clk 01:18:02]} {[%emt 00:00:10]} 9. Bd2
{[%clk 01:19:14]} {[%emt 00:00:08]} Nxd2 {[%clk 01:18:14]} {[%emt 00:00:18]}
10. Nbxd2 {[%clk 01:19:38]} {[%emt 00:00:06]} Be6 {[%clk 01:17:41]} {[%emt
00:01:01]} 11. a3 {[%clk 01:19:45]} {[%emt 00:00:25]} Ba5 {[%clk 01:17:45]}
{[%emt 00:00:26]} 12. b4 {[%clk 01:19:15]} {[%emt 00:01:00]} Bb6 {[%clk
01:18:07]} {[%emt 00:00:08]} 13. Nb3 {[%clk 01:19:39]} {[%emt 00:00:06]} a5
{[%clk 01:18:10]} {[%emt 00:00:27]} 14. b5 {[%clk 01:18:13]} {[%emt 00:01:56]}
Ne7 {[%clk 01:18:30]} {[%emt 00:00:08]} 15. a4 {[%clk 01:18:07]} {[%emt
00:00:38]} Qd7 {[%clk 01:18:04]} {[%emt 00:00:55]} 16. Rc1 {[%clk 01:17:13]}
{[%emt 00:01:24]} Rc8 {[%clk 01:17:29]} {[%emt 00:01:05]} 17. O-O {[%clk
01:16:55]} {[%emt 00:00:49]} h6 {[%clk 01:16:17]} {[%emt 00:01:41]} 18. Nc5
{[%clk 01:13:40]} {[%emt 00:03:45]} Bxc5 {[%clk 01:15:38]} {[%emt 00:01:09]}
19. dxc5 {[%clk 01:14:03]} {[%emt 00:00:08]} c6 {[%clk 01:15:23]} {[%emt
00:00:45]} 20. Qd2 {[%clk 01:13:03]} {[%emt 00:01:30]} Ra8 {[%clk 01:14:25]}
{[%emt 00:01:27]} 21. Ra1 {[%clk 01:10:04]} {[%emt 00:03:30]} O-O {[%clk
01:13:51]} {[%emt 00:01:04]} 22. Nd4 {[%clk 01:10:07]} {[%emt 00:00:27]} Qc7
{[%clk 01:12:43]} {[%emt 00:01:36]} 23. Rfc1 {[%clk 01:09:21]} {[%emt
00:01:17]} Qxe5 {[%clk 01:09:05]} {[%emt 00:04:08]} 24. Nb3 {[%clk 01:03:31]}
{[%emt 00:06:21]} Nf5 {[%clk 01:03:35]} {[%emt 00:06:00]} 25. Nxa5 {[%clk
00:58:41]} {[%emt 00:05:20]} Nd4 {[%clk 01:03:30]} {[%emt 00:00:35]} 26. Bf1
{[%clk 00:57:13]} {[%emt 00:01:57]} Rxa5 {[%clk 01:03:13]} {[%emt 00:00:48]}
27. Qxa5 {[%clk 00:53:25]} {[%emt 00:04:17]} Nb3 {[%clk 01:03:33]} {[%emt
00:00:10]} 28. Qb4 {[%clk 00:53:22]} {[%emt 00:00:34]} Nxa1 {[%clk 01:03:38]}
{[%emt 00:00:25]} 29. Qa3 {[%clk 00:53:32]} {[%emt 00:00:20]} Ra8 {[%clk
00:59:33]} {[%emt 00:04:34]} 30. Rxa1 {[%clk 00:52:59]} {[%emt 00:01:03]} Bd7
{[%clk 00:59:13]} {[%emt 00:00:50]} 31. b6 {[%clk 00:52:14]} {[%emt 00:01:15]}
Be6 {[%clk 00:55:35]} {[%emt 00:04:08]} 32. a5 {[%clk 00:49:39]} {[%emt
00:03:05]} Qf6 {[%clk 00:43:41]} {[%emt 00:12:24]} 33. a6 {[%clk 00:48:47]}
{[%emt 00:01:22]} bxa6 {[%clk 00:43:43]} {[%emt 00:00:28]} 34. b7 {[%clk
00:48:30]} {[%emt 00:00:48]} Rb8 {[%clk 00:42:30]} {[%emt 00:01:43]} 35. Qxa6
{[%clk 00:48:21]} {[%emt 00:00:39]} Rxb7 {[%clk 00:42:21]} {[%emt 00:00:39]}
36. Qxb7 {[%clk 00:46:27]} {[%emt 00:02:24]} Qxa1 {[%clk 00:42:37]} {[%emt
00:00:14]} 37. Qxc6 {[%clk 00:46:27]} {[%emt 00:00:30]} Bg4 {[%clk 00:41:46]}
{[%emt 00:01:20]} 38. Qb5 {[%clk 00:46:19]} {[%emt 00:00:39]} Qc1 {[%clk
00:34:49]} {[%emt 00:07:26]} 39. f3 {[%clk 00:45:26]} {[%emt 00:01:23]} Be6
{[%clk 00:33:53]} {[%emt 00:01:26]} 40. Kf2 {[%clk 00:45:26]} {[%emt 00:00:30]}
Qd2+ {[%clk 00:34:01]} {[%emt 00:00:22]} 41. Qe2 {[%clk 00:45:41]} {[%emt
00:00:15]} Qd4+ {[%clk 00:33:33]} {[%emt 00:00:58]} 42. Qe3 {[%clk 00:45:46]}
{[%emt 00:00:25]} Qb2+ {[%clk 00:33:56]} {[%emt 00:00:08]} 43. Qe2 {[%clk
00:45:50]} {[%emt 00:00:26]} Qd4+ {[%clk 00:34:18]} {[%emt 00:00:08]} 44. Qe3
{[%clk 00:46:07]} {[%emt 00:00:13]} Qb2+ {[%clk 00:34:36]} {[%emt 00:00:12]}
45. Qe2 {[%clk 00:44:55]} {[%emt 00:01:42]} Qd4+ {[%clk 00:34:58]} {[%emt
00:00:07]} 46. Qe3 {[%clk 00:44:46]} {[%emt 00:00:11]} 1/2-1/2

[Event "DEM U10w 2021"]
[Site "Willingen GER"]
[Date "2021.08.29"]
[Round "11"]
[White "Xiao, Yiyi"]
[Black "Bakó, Isabella"]
[Result "1/2-1/2"]
[Termination "normal"]
[Board "3"]
[WhiteElo "1368"]
[BlackElo "1173"]
[WhiteClock "01:23:27"]
[BlackClock "00:08:02"]
[PlyCount "109"]
[WhiteFideId "34605665"]
[BlackFideId "16287266"]
[EventCountry "GER"]
[EventRounds "11"]
[EventType "swiss"]
[EventDate "2021.08.22"]

1. e4 {[%clk 01:15:54]} {[%emt 00:00:06]} c5 {[%clk 01:14:51]} {[%emt
00:01:10]} 2. Nf3 {[%clk 01:16:09]} {[%emt 00:00:15]} d6 {[%clk 01:15:04]}
{[%emt 00:00:17]} 3. d4 {[%clk 01:15:35]} {[%emt 00:01:04]} cxd4 {[%clk
01:15:16]} {[%emt 00:00:18]} 4. Nxd4 {[%clk 01:15:30]} {[%emt 00:00:35]} Nf6
{[%clk 01:15:38]} {[%emt 00:00:08]} 5. Nc3 {[%clk 01:15:49]} {[%emt 00:00:11]}
g6 {[%clk 01:15:20]} {[%emt 00:00:47]} 6. f3 {[%clk 01:15:51]} {[%emt
00:00:29]} Bg7 {[%clk 01:15:31]} {[%emt 00:00:18]} 7. Be3 {[%clk 01:16:09]}
{[%emt 00:00:13]} O-O {[%clk 01:15:28]} {[%emt 00:00:32]} 8. Qd2 {[%clk
01:16:30]} {[%emt 00:00:09]} Nc6 {[%clk 01:15:28]} {[%emt 00:00:31]} 9. O-O-O
{[%clk 01:16:42]} {[%emt 00:00:18]} d5 {[%clk 01:15:27]} {[%emt 00:00:31]} 10.
Nxc6 {[%clk 01:16:34]} {[%emt 00:00:37]} bxc6 {[%clk 01:15:28]} {[%emt
00:00:27]} 11. g4 {[%clk 01:16:39]} {[%emt 00:00:36]} Be6 {[%clk 01:10:25]}
{[%emt 00:05:24]} 12. exd5 {[%clk 01:15:53]} {[%emt 00:01:16]} cxd5 {[%clk
01:08:00]} {[%emt 00:02:54]} 13. Kb1 {[%clk 01:15:55]} {[%emt 00:00:29]} a5
{[%clk 01:04:27]} {[%emt 00:04:03]} 14. h4 {[%clk 01:15:23]} {[%emt 00:01:01]}
h5 {[%clk 01:03:53]} {[%emt 00:01:18]} 15. gxh5 {[%clk 01:14:12]} {[%emt
00:01:27]} Nxh5 {[%clk 01:04:09]} {[%emt 00:00:14]} 16. Be2 {[%clk 01:14:33]}
{[%emt 00:00:10]} Rb8 {[%clk 01:00:31]} {[%emt 00:04:07]} 17. f4 {[%clk
01:13:33]} {[%emt 00:01:30]} Ng3 {[%clk 00:59:27]} {[%emt 00:01:35]} 18. Rhe1
{[%clk 01:13:11]} {[%emt 00:00:51]} Ne4 {[%clk 00:58:58]} {[%emt 00:00:59]} 19.
Nxe4 {[%clk 01:12:44]} {[%emt 00:00:58]} Rxb2+ {[%clk 00:57:28]} {[%emt
00:02:00]} 20. Kc1 {[%clk 01:12:51]} {[%emt 00:00:23]} Qb8 {[%clk 00:55:46]}
{[%emt 00:02:12]} 21. Nc3 {[%clk 01:12:28]} {[%emt 00:00:53]} Rxa2 {[%clk
00:55:41]} {[%emt 00:00:35]} 22. Bb5 {[%clk 01:09:41]} {[%emt 00:03:17]} Qxb5
{[%clk 00:55:15]} {[%emt 00:00:56]} 23. Qd3 {[%clk 01:09:28]} {[%emt 00:00:43]}
Qb2+ {[%clk 00:52:01]} {[%emt 00:03:41]} 24. Kd2 {[%clk 01:09:48]} {[%emt
00:00:12]} Bf5 {[%clk 00:51:22]} {[%emt 00:01:10]} 25. Rb1 {[%clk 01:09:11]}
{[%emt 00:01:07]} Bxd3 {[%clk 00:50:41]} {[%emt 00:01:11]} 26. Rxb2 {[%clk
01:09:28]} {[%emt 00:00:13]} Rxb2 {[%clk 00:51:03]} {[%emt 00:00:07]} 27. Kxd3
{[%clk 01:09:50]} {[%emt 00:00:08]} Bxc3 {[%clk 00:51:24]} {[%emt 00:00:09]}
28. Kxc3 {[%clk 01:10:14]} {[%emt 00:00:07]} Rbb8 {[%clk 00:51:33]} {[%emt
00:00:21]} 29. f5 {[%clk 01:10:31]} {[%emt 00:00:13]} gxf5 {[%clk 00:49:42]}
{[%emt 00:02:21]} 30. h5 {[%clk 01:10:12]} {[%emt 00:00:48]} e5 {[%clk
00:45:59]} {[%emt 00:04:13]} 31. Bg5 {[%clk 01:09:45]} {[%emt 00:00:58]} Rfc8+
{[%clk 00:45:22]} {[%emt 00:01:06]} 32. Kd2 {[%clk 01:10:06]} {[%emt 00:00:10]}
Kg7 {[%clk 00:43:19]} {[%emt 00:02:30]} 33. Rg1 {[%clk 01:10:21]} {[%emt
00:00:17]} Kh7 {[%clk 00:38:33]} {[%emt 00:05:16]} 34. Bf6 {[%clk 01:09:55]}
{[%emt 00:00:56]} Rg8 {[%clk 00:38:22]} {[%emt 00:00:41]} 35. Rf1 {[%clk
01:09:56]} {[%emt 00:00:29]} Rb2 {[%clk 00:34:35]} {[%emt 00:04:18]} 36. Kc1
{[%clk 01:09:56]} {[%emt 00:00:29]} Rb5 {[%clk 00:32:55]} {[%emt 00:02:09]} 37.
Bxe5 {[%clk 01:10:02]} {[%emt 00:00:25]} a4 {[%clk 00:32:04]} {[%emt 00:01:21]}
38. Rxf5 {[%clk 01:10:26]} {[%emt 00:00:06]} Rg1+ {[%clk 00:31:51]} {[%emt
00:00:42]} 39. Kd2 {[%clk 01:10:50]} {[%emt 00:00:07]} Kg8 {[%clk 00:29:22]}
{[%emt 00:02:55]} 40. h6 {[%clk 01:10:55]} {[%emt 00:00:29]} Rb7 {[%clk
00:24:32]} {[%emt 00:05:20]} 41. Rh5 {[%clk 01:10:51]} {[%emt 00:00:35]} Kh7
{[%clk 00:22:47]} {[%emt 00:02:15]} 42. Bg7 {[%clk 01:10:25]} {[%emt 00:00:55]}
Rb5 {[%clk 00:19:53]} {[%emt 00:03:23]} 43. Rf5 {[%clk 01:10:32]} {[%emt
00:00:25]} Kg6 {[%clk 00:16:11]} {[%emt 00:04:08]} 44. Rf6+ {[%clk 01:10:19]}
{[%emt 00:00:47]} Kh7 {[%clk 00:13:38]} {[%emt 00:03:01]} 45. Rxf7 {[%clk
01:10:37]} {[%emt 00:00:14]} Rg2+ {[%clk 00:10:49]} {[%emt 00:03:17]} 46. Kd3
{[%clk 01:10:41]} {[%emt 00:00:28]} Rg3+ {[%clk 00:05:05]} {[%emt 00:06:14]}
47. Ke2 {[%clk 01:10:56]} {[%emt 00:00:15]} Rh3 {[%clk 00:04:57]} {[%emt
00:00:38]} 48. Ra7 {[%clk 01:10:00]} {[%emt 00:01:26]} Rh2+ {[%clk 00:03:36]}
{[%emt 00:01:50]} 49. Kf3 {[%clk 01:10:12]} {[%emt 00:00:18]} Kg6 {[%clk
00:14:04]} {[%emt 00:05:02]} 50. Rxa4 {[%clk 01:25:10]} {[%emt 00:00:32]} Rxc2
{[%clk 00:10:41]} {[%emt 00:03:53]} 51. Ra6+ {[%clk 01:25:08]} {[%emt
00:00:33]} Kh7 {[%clk 00:10:48]} {[%emt 00:00:24]} 52. Ra7 {[%clk 01:25:20]}
{[%emt 00:00:17]} Rc4 {[%clk 00:09:51]} {[%emt 00:01:25]} 53. Ke3 {[%clk
01:23:21]} {[%emt 00:02:30]} Re4+ {[%clk 00:09:06]} {[%emt 00:01:16]} 54. Kd2
{[%clk 01:23:15]} {[%emt 00:00:31]} Rb2+ {[%clk 00:08:02]} {[%emt 00:01:38]}
55. Bxb2+ {[%clk 01:23:27]} {[%emt 00:00:19]} 1/2-1/2